| 000 | 00435nam a2200157 a 4500 | ||
|---|---|---|---|
| 001 | 000032138 | ||
| 005 | 20200930063449.0 | ||
| 008 | 110713s197? 000 0 spa d | ||
| 040 |
_aDO-SdBNP _bspa _cBNPHU |
||
| 082 |
_axxxx _bA481 |
||
| 100 | 1 |
_aAmador, José _958248 |
|
| 245 | 0 | 3 |
_aLa sociedad como un todo formado por varios sectores. / _cJosé Amador. |
| 260 |
_a[s. l.], _c[197?]. |
||
| 300 |
_a380 p. ; _c21 cm. |
||
| 049 | _aBNPD | ||
| 999 |
_c31629 _d31629 |
||